000 00578nam a2200121Ia 4500
008 220620s9999||||xx |||||||||||||| ||und||
100 _a`t Hart, Paul||Uhr, John
245 0 _aPublic Leadership: Perspectives and practices
546 _aEnglish[eng]
650 _aleadership||australia||community||political||new zealand||Democracy||John Howard
856 _uhttps://library.oapen.org/bitstream/20.500.12657/33648/1/459473.pdf||https://library.oapen.org/bitstream/20.500.12657/33648/1/459473.pdf||https://library.oapen.org/bitstream/20.500.12657/33648/1/459473.pdf
942 _cEB
999 _c21993
_d21993